Потешки (Запись № 1789626)

Подробности
000 -МАРКЕР
контрольное поле 01041nam0a2200313 4500
001 - ИДЕНТИФИКАТОР ЗАПИСИ
контрольное поле RU\NLR\bibl\1506713
005 - ИДЕНТИФИКАТОР ВЕРСИИ
контрольное поле 20260405172049.0
010 ## - МЕЖДУНАРОДНЫЙ СТАНДАРТНЫЙ НОМЕР КНИГИ (ISBN)
Номер (ISBN) 978-5-91282-047-2
Тираж 7000
021 ## - НОМЕР ГОСУДАРСТВЕННОЙ РЕГИСТРАЦИИ
Код страны Российская Федерация
Номер 2010-20443
Номер Листа государственной регистраци 1380
035 ## - ДРУГИЕ СИСТЕМНЫЕ НОМЕРА
Идентификатор записи (nilc)RSL-KNO-004599518
035 ## - ДРУГИЕ СИСТЕМНЫЕ НОМЕРА
Идентификатор записи (NLR Aleph) 001498132
100 ## - ДАННЫЕ ОБЩЕЙ ОБРАБОТКИ
Данные общей обработки 20100323d2009 |||y0rusy50 ca
101 0# - ЯЗЫК РЕСУРСА
Язык текста, звукозаписи и т.д. русский
102 ## - СТРАНА ПУБЛИКАЦИИ ИЛИ ПРОИЗВОДСТВА
Страна публикации Российская Федерация
105 ## - ПОЛЕ КОДИРОВАННЫХ ДАННЫХ: ТЕКСТОВЫЕ МАТЕРИАЛЫ, МОНОГРАФИЧЕСКИЕ
Кодированные данные о монографическом текстовом документе a |||||||||
200 1# - ЗАГЛАВИЕ И СВЕДЕНИЯ ОБ ОТВЕТСТВЕННОСТИ
Основное заглавие Потешки
Сведения, относящиеся к заглавию [для чтения взрослыми детям
Первые сведения об ответственности худож.: С. Фоминова]
210 ## - ПУБЛИКАЦИЯ, РАСПРОСТРАНЕНИЕ И ДР.
Место издания, распространения и т.д. Ростов-на-Дону
Имя издателя, распространителя и т. д. Леда
-- Слово
Дата издания, распространения и т.д. 2009
215 ## - ФИЗИЧЕСКАЯ ХАРАКТЕРИСТИКА
Специфическое обозначение материала и объем [8] с.
Другие сведения о физической характеристике цв. ил.
Размеры 22
225 1# - СЕРИЯ
Основное заглавие серии Солнышко
225 1# - СЕРИЯ
Основное заглавие серии Радуга
225 1# - СЕРИЯ
Основное заглавие серии Серия "Для самых маленьких"
702 #1 - ИМЯ ЛИЦА - ВТОРИЧНАЯ ОТВЕТСТВЕННОСТЬ
Код отношения Карикатурист, Художник
Материалы, к которым относится поле rus
Графика поля Кириллица
Начальный элемент ввода Фоминова
Часть имени, кроме начального элемента ввода С.
Дополнения к именам, кроме дат художник
Идентификатор авторитетной/нормативной записи RU\NLR\AUTH\7773620
Системный номер авторитетной/нормативной записи 56548
801 #0 - ИСТОЧНИК ЗАПИСИ
Страна Российская Федерация
Организация РГБ
Дата составления 20100323
Правила каталогизации RCR
801 #1 - ИСТОЧНИК ЗАПИСИ
Страна Российская Федерация
Организация РГБ
Дата составления 20100323
801 #2 - ИСТОЧНИК ЗАПИСИ
Страна Российская Федерация
Организация NLR
Дата составления 20100430
Правила каталогизации rcr
942 ## - ДОПОЛНИТЕЛЬНЫЕ ЭЛЕМЕНТЫ ЗАПИСИ (АБИС)
Тип экземпляра АБИС Книга
980 ## - КОЛЛЕКЦИЯ
Название коллекции Национальная библиография
Экземпляры
Тип экземпляра Дата поступления Источник поступления Библиотека постоянного хранения Библиотека текущего хранения Место хранения Шифр хранения Штрих-код Статус экземпляра
Книга 30.04.2010 Обязательный экземпляр РНБ (Московский) РНБ (Московский) Русский книжный фонд: издания с 1957 года 2010-6/677 3163677  
Книга 30.04.2010 Обязательный экземпляр РНБ (Московский) РНБ (Московский) Обменный фонд   3163678